| 000 | 01415nam0a22002891 4500 | ||
|---|---|---|---|
| 001 | rc\4487273 | ||
| 005 | 20250612095836.0 | ||
| 021 |
_aRU _b[63-80226] |
||
| 035 | _a(NLR Aleph) 008606092 | ||
| 090 |
_a8734379 _c8734379 |
||
| 100 | _a20130416d1963 |||y0rusy50 ca | ||
| 101 | 0 | _arus | |
| 102 | _aRU | ||
| 105 | _ay z ||||| | ||
| 200 | 1 |
_aСтенографический отчет _fЗаседание Верховного Совета Кабард.-Балкар. АССР пятого созыва (десятая сессия) 28 дек. 1962 г. |
|
| 210 |
_aНальчик _cКабард.-Балкар. кн. изд-во _d1963 |
||
| 215 |
_a131 с. _d20 |
||
| 601 | 0 | 2 |
_aВерховный Совет Кабардино-Балкарской АССР _jЗаконы, постановления _z1962 _2psbo |
| 606 |
_aБюджет _yКабардино-Балкарской АССР _z1963 _2psbo |
||
| 606 |
_aКонституция Кабардино-Балкарской АССР _jДополнения и изменения _2psbo |
||
| 606 |
_aНароднохозяйственный план Кабардино-Балкарской АССР _z1963 _2psbo |
||
| 710 | 1 | 2 | _aКабардино-Балкарская АССР. Верховный Совет. Созыв (5). Сессия (10) |
| 801 | 0 |
_aRU _bNLR _gpsbo |
|
| 801 | 1 |
_aRU _bELAR _2rusmarc |
|
| 852 |
_aNLR _j63-3/5705 |
||
| 942 | _cBOOK | ||
| 980 | _aNB | ||